|
|
|
|
| LEADER |
01968nam a2200445 a 4500 |
| 001 |
nkc20112266658 |
| 003 |
CZ PrNK |
| 005 |
20120206073722.0 |
| 007 |
ta |
| 008 |
120116s2011 xr ac e p 000 0 cze |
| 015 |
|
|
|a cnb002266658
|
| 020 |
|
|
|a 978-80-7394-291-5
|q (brož.)
|z 978-80-7394-189-5
|
| 035 |
|
|
|a (OCoLC)780138812
|
| 040 |
|
|
|a ABA001
|b cze
|d OLA001
|
| 072 |
|
7 |
|a 519.1/.8
|x Kombinatorika. Teorie grafů. Matematická statistika. Operační výzkum. Matematické modelování
|2 Konspekt
|9 13
|
| 072 |
|
7 |
|a 37.016
|x Učební osnovy. Vyučovací předměty. Učebnice
|2 Konspekt
|9 22
|
| 080 |
|
|
|a 519.72
|2 MRF
|
| 080 |
|
|
|a (075.8)
|2 MRF
|
| 100 |
1 |
|
|a Mareš, Milan,
|d 1943-2011
|7 jo20010092647
|4 aut
|
| 245 |
1 |
0 |
|a Základy teorie informace :
|b zdroje informace a její měření /
|c Milan Mareš
|
| 246 |
3 |
0 |
|a Zdroje informace a její měření
|
| 250 |
|
|
|a 1. vyd.
|
| 260 |
|
|
|a České Budějovice :
|b Jihočeská univerzita,
|c 2011
|
| 300 |
|
|
|a 77 s. :
|b il., portréty ;
|c 30 cm
|
| 500 |
|
|
|a "1. díl skript Věda o informaci a znalostech"--Tiráž
|
| 500 |
|
|
|a Na rubu tit. s. uvedeno: Ústav teorie informace a automatizace AV ČR a Ústav aplikované informatiky, Přírodovědecká fakulta JU
|
| 504 |
|
|
|a Obsahuje bibliografii
|
| 521 |
8 |
|
|a Doporučeno pro bakalářský stupeň studijního oboru aplikovaná informatika
|
| 650 |
0 |
7 |
|a teorie informace
|7 ph126560
|2 czenas
|
| 650 |
0 |
9 |
|a information theory
|2 eczenas
|
| 655 |
|
7 |
|a učebnice vysokých škol
|7 fd133772
|2 czenas
|
| 655 |
|
9 |
|a textbooks (higher)
|2 eczenas
|
| 710 |
2 |
|
|a Ústav teorie informace a automatizace (Akademie věd ČR)
|7 kn20010709226
|
| 710 |
2 |
|
|a Jihočeská univerzita.
|b Ústav aplikované informatiky
|7 jcu2010565888
|
| 740 |
0 |
2 |
|a Věda o informaci a znalostech
|
| 910 |
2 |
|
|a BOA001
|b 4-1279.145
|
| 990 |
|
|
|a BK
|
| 995 |
|
|
|a 01
|
| 991 |
|
|
|b 201202
|c NOV
|e n
|
| 996 |
6 |
|
|b 2610500096
|c 4-1279.145
|l MZK
|r Sklad / do 1 hodiny
|n 3
|p p.v.
|w 001224089
|u 000010
|a 1
|e BOA001
|j MZK50
|s P
|